[Event "Ruhrgebiet VK3 0405"]
[Site "Ruhrgebiet"]
[Date "2005.04.10"]
[Round "9.2"]
[White "Landa, Yuri"]
[Black "Poetter, Clemens"]
[Result "1-0"]
[WhiteElo "2054"]
[BlackElo "2051"]
[PlyCount "85"]
[EventDate "2004.09.12"]
[EventType "team"]
[EventRounds "9"]
[EventCountry "GER"]
[SourceTitle "EXT 2006"]
[Source "ChessBase"]
[SourceDate "2005.11.24"]
[SourceVersion "1"]
[SourceVersionDate "2005.11.24"]
[SourceQuality "1"]
[WhiteTeam "Witten"]
[BlackTeam "Essen Borbeck II"]
[WhiteTeamCountry "GER"]
[BlackTeamCountry "GER"]

1. e4 c5 2. Nf3 Nc6 3. d4 cxd4 4. Nxd4 e5 5. Nf3 Nf6 6. Bg5 Qa5+ 7. Bd2 Qb6 8. Bd3 Bc5 9. 0-0 0-0 10. Nc3 d6 11. Na4 Qc7 12. Nxc5 dxc5 13. c3 Bg4 14. Bg5 Rad8 15. Qe2 Rd6 16. Rfd1 h6 17. Be3 b6 18. Bc2 Rfd8 19. h3 Be6 20. b3 Rxd1+ 21. Rxd1 Rxd1+ 22. Qxd1 Kf8 23. Nh4 Ne7 24. g4 c4 25. Qd2 cxb3 26. axb3 g5 27. Nf5 Nxf5 28. gxf5 Bc8 29. h4 Bb7 30. f3 Nh7 31. c4 f6 32. Qb4+ Kg7 33. Qd2 Ba6 34. Kg2 Qe7 35. Bd1 Nf8 36. Be2 Kh7 37. hxg5 hxg5 38. b4 Qd7 39. Qa2 Bc8 40. c5 b5 41. Bxb5 Qg7 42. Kg3 Kh6 43. Qh2# 1-0

[Event "Ruhrgebiet VK3 0405"]
[Site "Ruhrgebiet"]
[Date "2005.03.13"]
[Round "8.2"]
[White "Landscheidt, Heinz"]
[Black "Landa, Yuri"]
[Result "1/2-1/2"]
[WhiteElo "1991"]
[BlackElo "2054"]
[PlyCount "43"]
[EventDate "2004.09.12"]
[EventType "team"]
[EventRounds "9"]
[EventCountry "GER"]
[SourceTitle "EXT 2006"]
[Source "ChessBase"]
[SourceDate "2005.11.24"]
[SourceVersion "1"]
[SourceVersionDate "2005.11.24"]
[SourceQuality "1"]
[WhiteTeam "Wacker Bergeborbeck"]
[BlackTeam "Witten"]
[WhiteTeamCountry "GER"]
[BlackTeamCountry "GER"]

1. d4 d5 2. Nc3 Nf6 3. Bg5 e6 4. e4 dxe4 5. Nxe4 Be7 6. Bxf6 Bxf6 7. Nf3 b6 8. Bb5+ c6 9. Be2 Be7 10. 0-0 Nd7 11. c3 Qc7 12. Qc2 Bb7 13. Rfe1 h6 14. Rad1 0-0 15. Bd3 c5 16. Qe2 Nf6 17. dxc5 Nxe4 18. Bxe4 Bxe4 19. Qxe4 Bxc5 20. Rd3 Rad8 21. Red1 a5 22. Nd4 1/2-1/2

[Event "Ruhrgebiet VK3 0405"]
[Site "Ruhrgebiet"]
[Date "2004.09.12"]
[Round "1.2"]
[White "Mallee, Ralph"]
[Black "Landa, Yuri"]
[Result "1-0"]
[WhiteElo "2048"]
[BlackElo "2054"]
[PlyCount "81"]
[EventDate "2004.09.12"]
[EventType "team"]
[EventRounds "9"]
[EventCountry "GER"]
[SourceTitle "EXT 2006"]
[Source "ChessBase"]
[SourceDate "2005.11.24"]
[SourceVersion "1"]
[SourceVersionDate "2005.11.24"]
[SourceQuality "1"]
[WhiteTeam "Dortmund 1875"]
[BlackTeam "Witten"]
[WhiteTeamCountry "GER"]
[BlackTeamCountry "GER"]

1. e4 c5 2. Nf3 d6 3. d4 cxd4 4. Nxd4 Nc6 5. Nc3 Nf6 6. Bc4 e6 7. Be3 Be7 8. 0-0 0-0 9. f4 a6 10. Qf3 Qc7 11. Bb3 Rb8 12. g4 Nxd4 13. Bxd4 e5 14. Ba7 Ra8 15. Be3 Bxg4 16. Qg2 Be6 17. f5 Bxb3 18. Bh6 g6 19. cxb3 Rfe8 20. fxg6 fxg6 21. Qf3 Qd7 22. h3 Qe6 23. Nd5 Nxd5 24. exd5 e4 25. dxe6 exf3 26. Rxf3 Bf8 27. Bxf8 Rxf8 28. Rd3 Rae8 29. Re1 Re7 30. Rxd6 Rfe8 31. Kf2 Kg7 32. Rb6 Kf6 33. Re3 g5 34. a3 h6 35. Rf3+ Ke5 36. Re3+ Kd5 37. Rd3+ Ke5 38. Re3+ Kd4 39. Rd6+ Kc5 40. Red3 Rf8+ 41. Ke3 1-0